Films de Damien Chazelle par images - Statistiques

Statistiques générales
  • Ce quiz a été pris 737 fois
  • Le résultat moyen est 3 sur 5
Statistiques - réponses
Par images Réponse % Correct
La La Land
100%
Whiplash
90%
Babylon
87%
First Man
46%
Guy et Madeline
7%
Aucun quiz correspondant
Distribution des résultats
% des personnes avec chaque résultat
Percentile par nombre de réponses
Votre historique - résultats
Vous n’avez pas pris ce quiz